000 00313nam a2200121Ia 4500
008 241014s9999||||xx |||||||||||||| ||und||
020 _a1-84110-111-7
100 _aEvans,Andy
245 0 _aBreast Calcification :a diagnostic manual
260 _bGeenwhich Medical Media
_c2002
300 _a191
942 _bION
_cBK
999 _c18060
_d18060